The development of royal funerary cult at Abydos : two funerary enclosures from the reign of Aha /

محفوظ في:

المؤلف الرئيسي: Bestock, Laurel (مؤلف)

التنسيق: كتاب

اللغة: English

منشور في: Wiesbaden : Otto Harrassowitz, 2009.

سلاسل: Menes ; 6.

الموضوعات:

الوسوم: إضافة وسم

لا توجد وسوم, كن أول من يضع وسما على هذه التسجيلة!

رقم الطلب: PJ1025 .M45 v.6

LEADER 01555nam a22003257a 4500
003 OSt
005 20251013083143.0
008 251013t2009 gw abf g b 000 0 eng d
020 |a 3447058382 
020 |a 9783447058384 
040 |c ARCE Library 
043 |a f-ua--- 
050 1 4 |a PJ1025  |b .M45 v.6 
100 1 |a Bestock, Laurel,   |e author  |9 26716 
245 1 4 |a The development of royal funerary cult at Abydos :   |b two funerary enclosures from the reign of Aha /   |c Laurel Bestock. 
264 1 |a Wiesbaden :   |b Otto Harrassowitz,   |c 2009. 
300 |a xiii, 116 pages, 95 pages of plates :   |b illustrations (some color), maps ;   |c 25 cm. 
490 1 |a Menes ;   |v 6. 
500 |a "Originally presented as the author's Ph.D dissertation at New York University, Institute of Fine Arts, 2007". 
504 |a Includes bibliographical references (p. [113]-116). 
505 0 |a Aha's tomb in the context of the early development of royal tombs at Abydos -- Previous escavations of the Early Dynastic remains in the Abydos North Cemetery -- Recent excavations in the Abydos North Cemetery : the discovery of two new funerary enclosures from the reign of Aha -- Interpretations and implications of the two small Aha enclosures. 
555 |a shimaa 
650 0 |a Funeral rites and ceremonies  |z Egypt  |x History. 
650 0 |a Tombs  |z Egypt  |z Abydos (Extinct city) 
651 0 |a Egypt  |x Antiquities. 
651 0 |a Egypt  |x History  |y Early Dynastic Period, ca. 3100-ca. 2686 B.C. 
830 0 |a Menes ;   |v 6. 
901 |a reviewed 
942 |c BK  |2 lcc 
999 |c 24306  |d 24306